[Event "YUG-chT"]
[Site "Cetinje"]
[Date "1992.??.??"]
[Round "?"]
[White "Dolmatov, Sergey"]
[Black "Martinovic, Slobodan"]
[Result "1/2-1/2"]
[WhiteElo "2610"]
[BlackElo "2465"]
[PlyCount "28"]
[EventDate "1992.??.??"]
[EventType "team"]
[EventRounds "11"]
[EventCountry "YUG"]
[SourceTitle "EXT 1997"]
[Source "ChessBase"]
[SourceDate "1996.11.15"]
[SourceVersion "1"]
[SourceVersionDate "1996.11.15"]
[SourceQuality "1"]

1. e4 c5 2. Nf3 e6 3. d3 Nc6 4. g3 d5 5. Nbd2 Bd6 6. Bg2 Nge7 7. O-O O-O 8. Nh4
Rb8 9. f4 b5 10. f5 exf5 11. exf5 f6 12. a3 Qc7 13. c3 a5 14. Rf2 Bb7 1/2-1/2

[Event "YUG-chT"]
[Site "Cetinje"]
[Date "1992.??.??"]
[Round "?"]
[White "Dolmatov, Sergey"]
[Black "Muhutdinov, Marat"]
[Result "1-0"]
[WhiteElo "2610"]
[BlackElo "2425"]
[PlyCount "165"]
[EventDate "1992.??.??"]
[EventType "team"]
[EventRounds "11"]
[EventCountry "YUG"]
[SourceTitle "EXT 1997"]
[Source "ChessBase"]
[SourceDate "1996.11.15"]
[SourceVersion "1"]
[SourceVersionDate "1996.11.15"]
[SourceQuality "1"]

1. e4 c5 2. Nf3 d6 3. d4 cxd4 4. Nxd4 Nf6 5. Nc3 a6 6. Be2 e6 7. Be3 Be7 8. a4
Nc6 9. O-O O-O 10. f4 Qc7 11. Kh1 Re8 12. Qd2 Rb8 13. Bd3 Nxd4 14. Bxd4 e5 15.
Ba7 Ra8 16. Bg1 exf4 17. Qxf4 Be6 18. Nd5 Bxd5 19. exd5 Bf8 20. Bd4 Nh5 21. Qh4
g6 22. g4 Ng7 23. Rf3 Qd8 24. Qf2 Qg5 25. c4 b5 26. b3 bxc4 27. bxc4 Qxg4 28.
Rxf7 Re4 29. Rg1 Qh4 30. Bxg7 Bxg7 31. Bxe4 Qxe4+ 32. Qf3 Qxc4 33. Rf4 Qc2 34.
Qe4 Qxe4+ 35. Rxe4 Be5 36. Rb1 Rc8 37. Rb7 Rc2 38. h4 a5 39. Ra7 h5 40. Kg1 Rd2
41. Kf1 Rxd5 42. Rc4 Bg7 43. Rc8+ Bf8 44. Kg2 g5 45. hxg5 Rxg5+ 46. Kh3 Rf5 47.
Rca8 d5 48. Rd8 d4 49. Rxd4 Bb4 50. Rd8+ Rf8 51. Rdd7 Rf5 52. Rdb7 Be1 53. Re7
Bb4 54. Rg7+ Kf8 55. Rgb7 Kg8 56. Rb5 Rf7 57. Rg5+ Kf8 58. Ra8+ Ke7 59. Rxh5
Rf6 60. Ra7+ Ke6 61. Ra6+ Kf7 62. Rh7+ Kg6 63. Rh6+ Kxh6 64. Rxf6+ Kg5 65. Rf7
Bc3 66. Kg3 Bf6 67. Ra7 Bc3 68. Rf7 Bd4 69. Rd7 Bc3 70. Rd3 Bb4 71. Rf3 Bd6+
72. Kf2 Bf4 73. Rd3 Kf6 74. Rd5 Bc7 75. Ke3 Ke6 76. Kd4 Bb6+ 77. Kc4 Bc7 78.
Kc5 Be5 79. Rd3 Kf5 80. Kb6 Ke4 81. Rb3 Kd5 82. Rb5+ Kd6 83. Rxa5 1-0

[Event "YUG-chT"]
[Site "Cetinje"]
[Date "1992.??.??"]
[Round "?"]
[White "Dolmatov, Sergey"]
[Black "Paunovic, Tomislav"]
[Result "1/2-1/2"]
[WhiteElo "2610"]
[BlackElo "2425"]
[PlyCount "48"]
[EventDate "1992.??.??"]
[EventType "team"]
[EventRounds "11"]
[EventCountry "YUG"]
[SourceTitle "EXT 1997"]
[Source "ChessBase"]
[SourceDate "1996.11.15"]
[SourceVersion "1"]
[SourceVersionDate "1996.11.15"]
[SourceQuality "1"]

1. e4 c5 2. Nf3 d6 3. d4 cxd4 4. Nxd4 Nf6 5. Nc3 a6 6. Be2 e5 7. Nb3 Be7 8. Be3
Be6 9. Qd2 Nbd7 10. f4 b5 11. f5 Bc4 12. Bf3 b4 13. Nd5 Nxd5 14. exd5 a5 15. a3
bxa3 16. Rxa3 a4 17. Nc1 Nf6 18. Be2 Bxe2 19. Nxe2 Qb8 20. c4 O-O 21. O-O Rc8
22. Rc1 Ng4 23. Rc2 Bd8 24. Kh1 Ba5 1/2-1/2

[Event "YUG-chT"]
[Site "Cetinje"]
[Date "1992.??.??"]
[Round "?"]
[White "Kupreichik, Viktor"]
[Black "Dolmatov, Sergey"]
[Result "1/2-1/2"]
[WhiteElo "2555"]
[BlackElo "2610"]
[PlyCount "45"]
[EventDate "1992.??.??"]
[EventType "team"]
[EventRounds "11"]
[EventCountry "YUG"]
[SourceTitle "EXT 1997"]
[Source "ChessBase"]
[SourceDate "1996.11.15"]
[SourceVersion "1"]
[SourceVersionDate "1996.11.15"]
[SourceQuality "1"]

1. e4 e6 2. d4 d5 3. e5 c5 4. c3 Nc6 5. Be3 Qb6 6. Qd2 Bd7 7. Nf3 Rc8 8. dxc5
Bxc5 9. Bxc5 Qxc5 10. Qg5 Nge7 11. Nbd2 O-O 12. Bd3 Qb6 13. Bxh7+ Kxh7 14. Qh5+
Kg8 15. Ng5 Rfe8 16. Qxf7+ Kh8 17. Qh5+ Kg8 18. Ndf3 Qb5 19. O-O-O Qc4 20. g3
Qxa2 21. Qf7+ Kh8 22. Qh5+ Kg8 23. Qf7+ 1/2-1/2

[Event "Dortmund op-A"]
[Site "Dortmund"]
[Date "1992.??.??"]
[Round "2"]
[White "Przewoznik, Jan"]
[Black "Dolmatov, Sergey"]
[Result "0-1"]
[WhiteElo "2415"]
[BlackElo "2595"]
[PlyCount "68"]
[EventDate "1992.04.??"]
[EventType "swiss"]
[EventRounds "11"]
[EventCountry "GER"]
[SourceTitle "CBM 029"]
[Source "ChessBase"]
[SourceDate "1992.08.01"]
[SourceVersion "1"]
[SourceVersionDate "1992.08.01"]
[SourceQuality "1"]

1. Nf3 f5 2. c4 Nf6 3. g3 d6 4. d4 g6 5. Bg2 Bg7 6. O-O O-O 7. Nc3 c6 8. b3 Qa5
9. Bb2 e5 10. dxe5 dxe5 11. Na4 Nbd7 12. Qd2 Qxd2 13. Nxd2 e4 14. Rfd1 Re8 15.
c5 b5 16. cxb6 axb6 17. Nc4 Nd5 18. Bxg7 Kxg7 19. Nd6 Re6 20. Nxc8 Rxc8 21.
Rac1 N7f6 22. e3 Kf7 23. Bf1 Ke7 24. Bc4 Rb8 25. Rd2 Rd6 26. Bxd5 Nxd5 27. a3
Ra8 28. Rcd1 Rad8 29. Rc2 Nxe3 30. Rxd6 Nxc2 31. Rxc6 Rd1+ 32. Kg2 Ne1+ 33. Kh3
Nf3 34. g4 Rg1 0-1

[Event "Dortmund op-A"]
[Site "Dortmund"]
[Date "1992.??.??"]
[Round "4"]
[White "Glek, Igor"]
[Black "Dolmatov, Sergey"]
[Result "1-0"]
[WhiteElo "2515"]
[BlackElo "2595"]
[PlyCount "131"]
[EventDate "1992.04.??"]
[EventType "swiss"]
[EventRounds "11"]
[EventCountry "GER"]
[SourceTitle "TD"]
[Source "ChessBase"]
[SourceDate "1994.03.01"]
[SourceVersion "1"]
[SourceVersionDate "1994.03.01"]
[SourceQuality "1"]

1. e4 e6 2. d4 d5 3. exd5 exd5 4. Nf3 Nf6 5. Bd3 Be7 6. O-O O-O 7. Bg5 Bg4 8.
Re1 Nbd7 9. Nbd2 Re8 10. c3 c6 11. Qc2 h6 12. Bf4 Nh5 13. Be5 Nxe5 14. Bh7+ Kf8
15. Nxe5 Nf6 16. h3 Be6 17. Ndf3 Bd6 18. Re3 Rc8 19. Rae1 c5 20. Bf5 Bxf5 21.
Qxf5 Qc7 22. Ng4 Rxe3 23. Rxe3 Nxg4 24. hxg4 Rd8 25. Qh7 f6 26. g3 Qf7 27. Nh4
Qg8 28. Qf5 Qf7 29. Qh7 cxd4 30. cxd4 Qg8 31. Qf5 Qf7 32. Qh7 Qg8 33. Qf5 Qf7
34. Re6 Kg8 35. Qxd5 Be7 36. Qb3 Bf8 37. d5 h5 38. gxh5 Qxh5 39. d6 Kh8 40.
Qxb7 Qd1+ 41. Kg2 Bxd6 42. Qe4 Qd2 43. Ng6+ Kg8 44. Qc4 Kh7 45. Ne7 Bxe7 46.
Rxe7 Rd4 47. Qc5 Rd5 48. Qxa7 Rg5 49. Qb7 f5 50. a4 f4 51. Qe4+ Kh6 52. Qe6+ g6
53. Qe2 Qd6 54. Qe6 Qd2 55. Qe2 Qd6 56. Re6 Qd8 57. Qe4 Qd2 58. Qe2 Qd5+ 59.
Re4 fxg3 60. f3 Rh5 61. Qe3+ Kg7 62. Qc3+ Kg8 63. Qc8+ Kg7 64. Re7+ Kf6 65.
Qf8+ Kg5 66. Kxg3 1-0

[Event "Dortmund op-A"]
[Site "Dortmund"]
[Date "1992.??.??"]
[Round "8"]
[White "Yanovsky, Sergey"]
[Black "Dolmatov, Sergey"]
[Result "0-1"]
[WhiteElo "2430"]
[BlackElo "2595"]
[PlyCount "196"]
[EventDate "1992.04.??"]
[EventType "swiss"]
[EventRounds "11"]
[EventCountry "GER"]
[SourceTitle "CBM 029"]
[Source "ChessBase"]
[SourceDate "1992.08.01"]
[SourceVersion "1"]
[SourceVersionDate "1992.08.01"]
[SourceQuality "1"]

1. e4 c5 2. c3 d5 3. exd5 Qxd5 4. d4 e6 5. Nf3 Nf6 6. Be3 cxd4 7. cxd4 Be7 8.
Nc3 Qd6 9. a3 O-O 10. Bd3 Nc6 11. Qc2 Bd7 12. O-O Rac8 13. Rad1 Rfd8 14. Rfe1
Be8 15. Qe2 Nd5 16. Ne4 Qc7 17. Bb1 Qb6 18. h3 Nxe3 19. fxe3 Na5 20. Bd3 Qb3
21. Rb1 a6 22. Nfd2 Qb6 23. b4 Nc6 24. Nc5 Qc7 25. Rbc1 e5 26. Bf5 Rb8 27. dxe5
Qxe5 28. Bb1 Qb2 29. Nc4 Qxe2 30. Rxe2 a5 31. Be4 axb4 32. axb4 b5 33. Bxc6
Bxc6 34. Ne5 Be8 35. Nf3 Rb6 36. Ra2 g6 37. Kf2 Bf8 38. Ke2 Bc6 39. Kf2 Bh6 40.
Rc3 Re8 41. Ra6 Rxa6 42. Nxa6 Re6 43. Nc5 Rd6 44. Rd3 Rxd3 45. Nxd3 Bf8 46. Nd4
Be8 47. Nf4 f5 48. Nd5 Bf7 49. Nc3 Bxb4 50. Ncxb5 Kg7 51. Nf3 Kf6 52. h4 h6 53.
Nbd4 Bd5 54. Ne2 g5 55. hxg5+ hxg5 56. Ned4 Be4 57. g3 Bd6 58. Ng1 Kg6 59. Ngf3
Kh5 60. Nh2 Be5 61. Ne2 Bc7 62. Nd4 Bb6 63. Ne2 Bb7 64. Nd4 Be4 65. Ne2 g4 66.
Nf1 Ba5 67. Nf4+ Kg5 68. Ne6+ Kf6 69. Nf4 Ke5 70. Ke2 Bf3+ 71. Kf2 Bc6 72. Nd3+
Kd5 73. Nc1 Ba4 74. Ne2 Ke4 75. Nd4 Bd1 76. Nc6 Bc3 77. Nd4 Ba4 78. Ne2 Ba5 79.
Nd4 Bb6 80. Ne2 Kd3 81. Nf4+ Kc2 82. Ne2 Bd7 83. Nd4+ Kd1 84. Nb3 Bb5 85. Nd4
Bd3 86. Nb3 Be4 87. Nh2 Bc7 88. Nf1 Bd6 89. Nd4 Bb4 90. Ne6 Be1+ 91. Kg1 Ke2
92. Nd4+ Kd3 93. Ne6 Bf3 94. Nc5+ Ke2 95. Nb3 Bf2+ 96. Kh2 Kxf1 97. Nd2+ Ke2
98. Nc4 Bxe3 0-1

[Event "Dortmund op-A"]
[Site "Dortmund"]
[Date "1992.??.??"]
[Round "9"]
[White "Bykhovsky, Avigdor"]
[Black "Dolmatov, Sergey"]
[Result "1/2-1/2"]
[WhiteElo "2475"]
[BlackElo "2595"]
[PlyCount "87"]
[EventDate "1992.04.??"]
[EventType "swiss"]
[EventRounds "11"]
[EventCountry "GER"]
[SourceTitle "CBM 029"]
[Source "ChessBase"]
[SourceDate "1992.08.01"]
[SourceVersion "1"]
[SourceVersionDate "1992.08.01"]
[SourceQuality "1"]

1. d4 Nf6 2. c4 g6 3. Nc3 Bg7 4. e4 d6 5. Be2 O-O 6. Bg5 Na6 7. h4 e5 8. d5 h6
9. Be3 h5 10. f3 c6 11. Qd2 cxd5 12. cxd5 Bd7 13. Nh3 Nc5 14. Nf2 Rc8 15. Rc1
Qa5 16. O-O Nh7 17. Nb5 Qxd2 18. Bxd2 Bxb5 19. Bxb5 a6 20. Be2 f5 21. b4 Nd7
22. exf5 gxf5 23. Bd3 Rxc1 24. Rxc1 e4 25. Be2 Bd4 26. Bf4 Ne5 27. Rc7 Nf6 28.
Bxe5 dxe5 29. d6 Rd8 30. Bc4+ Kh8 31. Kf1 Bxf2 32. Kxf2 Rxd6 33. Rxb7 f4 34.
Ra7 Rd4 35. Rxa6 Rxc4 36. Rxf6 e3+ 37. Kf1 Rxb4 38. Rf5 Rb1+ 39. Ke2 Rb2+ 40.
Kf1 Rf2+ 41. Kg1 Kg7 42. Rxe5 Kf6 43. Rxh5 Rxa2 44. Kf1 1/2-1/2

[Event "Manila ol (Men)"]
[Site "Manila"]
[Date "1992.??.??"]
[Round "?"]
[White "Dolmatov, Sergey"]
[Black "Romanishin, Oleg"]
[Result "1-0"]
[WhiteElo "2595"]
[BlackElo "2595"]
[PlyCount "81"]
[EventDate "1992.06.08"]
[EventType "team-swiss"]
[EventRounds "14"]
[EventCountry "PHI"]
[SourceTitle "TD"]
[Source "ChessBase"]
[SourceDate "1994.03.01"]
[SourceVersion "1"]
[SourceVersionDate "1994.03.01"]
[SourceQuality "1"]

1. e4 e5 2. Nf3 Nc6 3. d4 exd4 4. Nxd4 Bc5 5. Be3 Qf6 6. c3 Nge7 7. Bc4 Nxd4 8.
cxd4 Bb4+ 9. Nc3 Bxc3+ 10. bxc3 Qc6 11. Qd3 Qg6 12. d5 d6 13. O-O-O Bd7 14. f4
f6 15. f5 Qf7 16. g4 Nc8 17. Bb3 Nb6 18. Qd4 O-O-O 19. Qb4 Qe8 20. Rhe1 Kb8 21.
Rd4 Bc8 22. Rd2 Qe7 23. Qd4 Rhe8 24. Bf2 Qe5 25. a4 a5 26. Bg3 Qe7 27. Bf2 Qe5
28. Rb2 Qf4+ 29. Kb1 Qxg4 30. Bc2 Qf4 31. Ka1 Qe5 32. Bd1 Qf4 33. Bg3 Qh6 34.
Be5 fxe5 35. Qd3 Nd7 36. Qe3 Qf6 37. Rg2 Nc5 38. Qg3 Qf8 39. Qxg7 Qe7 40. Ka2
Bd7 41. f6 1-0

[Event "Manila ol (Men)"]
[Site "Manila"]
[Date "1992.??.??"]
[Round "?"]
[White "Dolmatov, Sergey"]
[Black "Van der Wiel, John"]
[Result "1/2-1/2"]
[WhiteElo "2595"]
[BlackElo "2540"]
[PlyCount "78"]
[EventDate "1992.06.08"]
[EventType "team-swiss"]
[EventRounds "14"]
[EventCountry "PHI"]
[SourceTitle "TD"]
[Source "ChessBase"]
[SourceDate "1994.03.01"]
[SourceVersion "1"]
[SourceVersionDate "1994.03.01"]
[SourceQuality "1"]

1. e4 c5 2. Nf3 Nc6 3. d4 cxd4 4. Nxd4 e5 5. Nb5 d6 6. c4 Be7 7. N1c3 a6 8. Na3
Be6 9. Nc2 Bg5 10. Be2 Bxc1 11. Qxc1 Qb6 12. O-O Nf6 13. Rd1 O-O 14. b3 Rfd8
15. Rd2 Rac8 16. Qb2 Ne7 17. Ne3 Nc6 18. Nc2 Ne7 19. Rb1 Ng6 20. Ne3 Nf4 21.
Bf1 Qc6 22. Ned5 Bxd5 23. exd5 Qd7 24. f3 Qf5 25. Re1 h5 26. b4 Qg5 27. a4 h4
28. Rdd1 Qg6 29. Ne4 Nxe4 30. Rxe4 b6 31. Kh1 f5 32. Re3 Nh5 33. Rc3 Ng3+ 34.
Kg1 Nxf1 35. Kxf1 h3 36. g3 a5 37. bxa5 bxa5 38. Qc2 Qh5 39. Rb1 Rc5 1/2-1/2

[Event "Manila ol (Men)"]
[Site "Manila"]
[Date "1992.??.??"]
[Round "?"]
[White "Serper, Grigory"]
[Black "Dolmatov, Sergey"]
[Result "0-1"]
[WhiteElo "2540"]
[BlackElo "2595"]
[PlyCount "116"]
[EventDate "1992.06.08"]
[EventType "team-swiss"]
[EventRounds "14"]
[EventCountry "PHI"]
[SourceTitle "TD"]
[Source "ChessBase"]
[SourceDate "1994.03.01"]
[SourceVersion "1"]
[SourceVersionDate "1994.03.01"]
[SourceQuality "1"]

1. c4 f5 2. g3 Nf6 3. Bg2 e5 4. d3 d6 5. Nc3 Be7 6. f4 exf4 7. Bxf4 O-O 8. Nf3
c6 9. Qd2 Na6 10. O-O Nc5 11. Nd4 Ng4 12. h3 Ne5 13. Rf2 Bf6 14. Be3 g6 15.
Raf1 Bg7 16. Nf3 Ne6 17. Ng5 Qe7 18. b3 Bd7 19. d4 Nf7 20. Nxf7 Rxf7 21. d5 Nc7
22. Bd4 Bxd4 23. Qxd4 c5 24. Qd3 Raf8 25. Kh1 Ne8 26. e4 fxe4 27. Rxf7 Rxf7 28.
Qxe4 Qxe4 29. Nxe4 Rxf1+ 30. Bxf1 Bf5 31. Nc3 g5 32. h4 g4 33. Kg1 Kf7 34. Kf2
Kf6 35. Ke3 Ke5 36. Bd3 Bxd3 37. Kxd3 Ng7 38. Nd1 Nf5 39. Ne3 Nxg3 40. Nxg4+
Kf5 41. Nf2 Ke5 42. Ng4+ Kf4 43. Nh6 Nf5 44. Nf7 h5 45. b4 b6 46. b5 Nxh4 47.
Nxd6 Ng6 48. Nf7 h4 49. Ke2 Ke4 50. Nd6+ Ke5 51. Nc8 Kd4 52. Nd6 Ne5 53. Kf2
Nxc4 54. Nc8 Kxd5 55. Nxa7 h3 56. Kg3 Nd2 57. Kxh3 c4 58. Kg3 c3 0-1

[Event "Alekhine op"]
[Site "Moscow"]
[Date "1992.??.??"]
[Round "?"]
[White "Dolmatov, Sergey"]
[Black "Sveshnikov, Evgeny"]
[Result "1/2-1/2"]
[WhiteElo "2610"]
[BlackElo "2525"]
[PlyCount "97"]
[EventDate "1992.10.??"]
[EventType "swiss"]
[EventRounds "9"]
[EventCountry "RUS"]
[SourceTitle "CBM 033"]
[Source "ChessBase"]
[SourceDate "1993.04.01"]
[SourceVersion "1"]
[SourceVersionDate "1993.04.01"]
[SourceQuality "1"]

1. e4 c5 2. Nf3 Nc6 3. d4 cxd4 4. Nxd4 e5 5. Nb5 d6 6. c4 Be7 7. N1c3 a6 8. Na3
Be6 9. Nc2 Bg5 10. Be2 Bxc1 11. Rxc1 Nf6 12. O-O O-O 13. Qd2 Qb8 14. Qe3 Qa7
15. Qxa7 Nxa7 16. f3 Rac8 17. Ne3 Nc6 18. Ncd5 Nd7 19. Kf2 Rfe8 20. Rfd1 Nd4
21. Bf1 g6 22. Nc2 Bxd5 23. Nxd4 Bxe4 24. Nb3 Bf5 25. Rxd6 Rc7 26. g4 Be6 27.
Nd2 Kg7 28. b4 Rec8 29. a3 Rc6 30. Rxc6 Rxc6 31. c5 f5 32. g5 h6 33. h4 hxg5
34. hxg5 b6 35. Bxa6 bxc5 36. Bb5 Rd6 37. Nc4 Bxc4 38. Rxc4 cxb4 39. axb4 Kf8
40. Rc8+ Ke7 41. Rc7 Kd8 42. Rxd7+ Rxd7 43. Bxd7 Kxd7 44. Ke3 Kc6 45. Kd2 Kd5
46. Kd3 Kd6 47. Kc4 Kc6 48. b5+ Kd6 49. b6 1/2-1/2

[Event "Alekhine op"]
[Site "Moscow"]
[Date "1992.??.??"]
[Round "?"]
[White "Geller, Efim"]
[Black "Dolmatov, Sergey"]
[Result "0-1"]
[WhiteElo "2525"]
[BlackElo "2610"]
[PlyCount "64"]
[EventDate "1992.10.??"]
[EventType "swiss"]
[EventRounds "9"]
[EventCountry "RUS"]
[SourceTitle "CBM 033"]
[Source "ChessBase"]
[SourceDate "1993.04.01"]
[SourceVersion "1"]
[SourceVersionDate "1993.04.01"]
[SourceQuality "1"]

1. e4 e6 2. d4 d5 3. Nd2 c5 4. exd5 Qxd5 5. Ngf3 cxd4 6. Bc4 Qd6 7. O-O Nf6 8.
Nb3 Nc6 9. Qe2 a6 10. Rd1 b5 11. Bd3 Qc7 12. a4 b4 13. Bc4 Bb7 14. Nbxd4 Nxd4
15. Rxd4 Bc5 16. Rh4 h5 17. h3 Nd5 18. Bg5 Be7 19. Rd1 a5 20. Bb5+ Kf8 21. Rc4
Qd8 22. Bxe7+ Qxe7 23. Ne5 Kg8 24. Nc6 Qf6 25. Rxd5 exd5 26. Ne7+ Kf8 27. Rc7
Rb8 28. Nc8 g6 29. Ne7 Kg7 30. c3 bxc3 31. bxc3 Qf4 32. Rd7 Rhd8 0-1

[Event "Seville op"]
[Site "Seville"]
[Date "1993.??.??"]
[Round "4"]
[White "Dolmatov, Sergey"]
[Black "Fernandez Aguado, Juan Luis"]
[Result "1-0"]
[WhiteElo "2615"]
[BlackElo "2285"]
[PlyCount "45"]
[EventDate "1993.01.??"]
[EventType "swiss"]
[EventRounds "10"]
[EventCountry "ESP"]
[SourceTitle "TD"]
[Source "ChessBase"]
[SourceDate "1994.03.01"]
[SourceVersion "1"]
[SourceVersionDate "1994.03.01"]
[SourceQuality "1"]

1. e4 Nf6 2. e5 Nd5 3. d4 d6 4. Nf3 Bg4 5. Be2 c6 6. O-O Bxf3 7. Bxf3 dxe5 8.
dxe5 e6 9. c4 Ne7 10. Qe2 Nd7 11. b3 Ng6 12. Bb2 Qc7 13. Be4 O-O-O 14. f4 f5
15. exf6 Nxf4 16. Qf3 gxf6 17. Qxf4 Bd6 18. Qh4 Be5 19. Nc3 f5 20. Bf3 Bf6 21.
Qh6 Rhg8 22. Na4 Rg6 23. Qe3 1-0

[Event "Dortmund"]
[Site "Dortmund"]
[Date "1993.??.??"]
[Round "4"]
[White "Lutz, Christopher"]
[Black "Dolmatov, Sergey"]
[Result "1/2-1/2"]
[WhiteElo "2550"]
[BlackElo "2615"]
[Annotator "Ftacnik,L"]
[PlyCount "65"]
[EventDate "1993.04.??"]
[EventType "tourn"]
[EventRounds "7"]
[EventCountry "GER"]
[EventCategory "16"]
[SourceTitle "CBM 035"]
[Source "ChessBase"]
[SourceDate "1993.08.01"]
[SourceVersion "1"]
[SourceVersionDate "1993.08.01"]
[SourceQuality "1"]

1. d4 Nf6 2. c4 g6 3. Nc3 Bg7 4. e4 d6 5. Nf3 O-O 6. Be2 e5 7. O-O Nc6 8. d5
Ne7 9. b4 a5 10. bxa5 c5 11. Bd2 Rxa5 12. Qc2 Ra6 13. Rfb1 Nd7 $2 (13... h6 $1
{/\ Nd7,f5}) 14. Qc1 $1 Kh8 15. Rb3 Ng8 16. g3 Bf6 (16... f5 17. Ng5 Ndf6 18.
exf5 gxf5 19. Rab1 {/\ Ne6}) (16... h6 17. Nh4 Kh7 18. Bd3 $16) 17. Rab1 Be7
18. Bf1 f5 19. exf5 gxf5 20. Ng5 Bxg5 21. Bxg5 Ndf6 22. Bd2 $2 (22. f4 $1 e4 (
22... h6 23. Bh4 Qe8 (23... exf4 24. Qxf4) 24. Nb5 Rf7 25. Qb2 exf4 26. gxf4) (
22... exf4 23. Qxf4 Ne7 24. Re1 Ng6 25. Qf2 $16) 23. Qb2 h6 24. Bh4 Kh7 25. Nd1
{/\ Ne3}) 22... f4 $1 (22... Nh5 23. f4 exf4 24. Bxf4 Nxf4 25. Qxf4 Ne7 {/\ Ng6
}) 23. gxf4 Nh5 24. fxe5 dxe5 25. Ne4 Qh4 26. Qe1 Rg6+ 27. Ng3 (27. Kh1 Ngf6
28. f3 Rfg8 $40) 27... e4 28. Bg2 Nf4 (28... Ngf6 29. Nxh5 Qxh5 (29... Nxh5 30.
Rg3 $1) 30. Bf4 Ng4 31. Bg3 Rxf2 32. Qxe4) 29. Bxf4 (29. Qxe4 Nxg2 (29... Nh3+
$2 30. Kf1 Rxf2+ 31. Ke1 $18) 30. Qxg2 Qxc4 (30... Bh3 $2 31. Bc3+ Nf6 32. Qf3
Qxc4 33. Rxb7 $16) 31. Rc1 Qa4 $13) 29... Rxf4 30. Nf1 Rf3 (30... Nh6 31. Rg3
Ng4 32. Rb2 Rgf6 33. Qa5 $1 $13) 31. Ng3 Rf4 32. Nf1 Rf3 33. Ng3 1/2-1/2

[Event "Novosibirsk"]
[Site "Novosibirsk"]
[Date "1993.??.??"]
[Round "3"]
[White "Serper, Grigory"]
[Black "Dolmatov, Sergey"]
[Result "1/2-1/2"]
[WhiteElo "2590"]
[BlackElo "2615"]
[PlyCount "38"]
[EventDate "1993.06.??"]
[EventType "tourn"]
[EventRounds "11"]
[EventCountry "RUS"]
[EventCategory "14"]
[SourceTitle "CBM 036"]
[Source "ChessBase"]
[SourceDate "1993.10.01"]
[SourceVersion "1"]
[SourceVersionDate "1993.10.01"]
[SourceQuality "1"]

1. g3 f5 2. Nf3 Nf6 3. d4 g6 4. c4 Bg7 5. Nc3 O-O 6. Bg2 d6 7. O-O c6 8. d5 e5
9. dxe6 Bxe6 10. b3 Na6 11. Ng5 Qe7 12. Nxe6 Qxe6 13. Bb2 Rad8 14. Qd2 Rfe8 15.
Rad1 Nc5 16. e3 Nfe4 17. Qc2 Nxc3 18. Bxc3 Bxc3 19. Qxc3 Qe5 1/2-1/2

[Event "Novosibirsk"]
[Site "Novosibirsk"]
[Date "1993.??.??"]
[Round "5"]
[White "Dolmatov, Sergey"]
[Black "Pigusov, Evgeny"]
[Result "1/2-1/2"]
[WhiteElo "2615"]
[BlackElo "2575"]
[PlyCount "70"]
[EventDate "1993.06.??"]
[EventType "tourn"]
[EventRounds "11"]
[EventCountry "RUS"]
[EventCategory "14"]
[SourceTitle "CBM 036"]
[Source "ChessBase"]
[SourceDate "1993.10.01"]
[SourceVersion "1"]
[SourceVersionDate "1993.10.01"]
[SourceQuality "1"]

1. e4 c5 2. Nf3 d6 3. d4 cxd4 4. Nxd4 Nf6 5. Nc3 a6 6. Be2 e5 7. Nb3 Be7 8. O-O
O-O 9. Kh1 Nc6 10. a4 Be6 11. f4 exf4 12. Bxf4 Rc8 13. Nd4 Nxd4 14. Qxd4 Ne8
15. Rad1 Bf6 16. e5 dxe5 17. Qxd8 Bxd8 18. Bxe5 Bf6 19. Bxf6 Nxf6 20. Rf4 Rfd8
21. Rfd4 Rxd4 22. Rxd4 Kf8 23. Bf3 a5 24. Rd6 Bf5 25. Kg1 Bxc2 26. Rd2 Bf5 27.
Bxb7 Rb8 28. Bc6 Rb4 29. h3 Be6 30. Kf1 Ke7 31. Ke2 g5 32. Ke3 h5 33. Bb5 h4
34. Be2 Bd7 35. Nd5+ Nxd5+ 1/2-1/2

[Event "Novosibirsk"]
[Site "Novosibirsk"]
[Date "1993.??.??"]
[Round "9"]
[White "Dolmatov, Sergey"]
[Black "Vaisser, Anatoli"]
[Result "1/2-1/2"]
[WhiteElo "2615"]
[BlackElo "2555"]
[PlyCount "51"]
[EventDate "1993.06.??"]
[EventType "tourn"]
[EventRounds "11"]
[EventCountry "RUS"]
[EventCategory "14"]
[SourceTitle "CBM 036"]
[Source "ChessBase"]
[SourceDate "1993.10.01"]
[SourceVersion "1"]
[SourceVersionDate "1993.10.01"]
[SourceQuality "1"]

1. e4 c5 2. Nf3 Nc6 3. c3 Nf6 4. e5 Nd5 5. d4 cxd4 6. cxd4 d6 7. Bc4 Nb6 8. Bb5
dxe5 9. Nxe5 Bd7 10. Bxc6 Bxc6 11. Nxc6 bxc6 12. O-O e6 13. Nc3 Be7 14. Bf4 O-O
15. Be5 Qd7 16. Qe2 a5 17. Rfd1 f6 18. Bg3 Rfe8 19. Rac1 a4 20. Qc2 Ra5 21. a3
Bf8 22. h3 Ra6 23. Rd3 Qa7 24. Qe2 Qd7 25. Qc2 Qa7 26. Qe2 1/2-1/2

[Event "Pardubice"]
[Site "Pardubice"]
[Date "1993.??.??"]
[Round "7"]
[White "Stohl, Igor"]
[Black "Dolmatov, Sergey"]
[Result "1/2-1/2"]
[WhiteElo "2545"]
[BlackElo "2630"]
[PlyCount "33"]
[EventDate "1993.07.??"]
[EventType "tourn"]
[EventRounds "9"]
[EventCountry "CZE"]
[EventCategory "14"]
[SourceTitle "CBM 037"]
[Source "ChessBase"]
[SourceDate "1993.12.01"]
[SourceVersion "1"]
[SourceVersionDate "1993.12.01"]
[SourceQuality "1"]

1. Nf3 Nf6 2. d4 g6 3. g3 Bg7 4. Bg2 c6 5. c4 d5 6. Qb3 O-O 7. O-O Qb6 8. Nc3
Bf5 9. Ne5 Be6 10. Qd1 Qd8 11. cxd5 Nxd5 12. Na4 Nd7 13. Nxd7 Bxd7 14. b3 Qc8
15. Nc5 Bg4 16. Bb2 b6 17. Nd3 1/2-1/2

[Event "Rubinstein Memorial"]
[Site "Polanica Zdroj"]
[Date "1993.??.??"]
[Round "1"]
[White "Dorfman, Josif"]
[Black "Dolmatov, Sergey"]
[Result "1/2-1/2"]
[WhiteElo "2555"]
[BlackElo "2630"]
[PlyCount "93"]
[EventDate "1993.08.??"]
[EventType "tourn"]
[EventRounds "11"]
[EventCountry "POL"]
[EventCategory "13"]
[SourceTitle "CBM 037"]
[Source "ChessBase"]
[SourceDate "1993.12.01"]
[SourceVersion "1"]
[SourceVersionDate "1993.12.01"]
[SourceQuality "1"]

1. d4 Nf6 2. c4 g6 3. Nf3 Bg7 4. g3 c6 5. Bg2 d5 6. Qb3 O-O 7. O-O Qb6 8. Nc3
Bf5 9. h3 Rd8 10. g4 Be6 11. Qc2 dxc4 12. Na4 Qc7 13. Nc5 Bc8 14. Qxc4 b6 15.
Nd3 Ba6 16. Qb3 Nd5 17. e4 Bxd3 18. Qxd3 Nf4 19. Bxf4 Qxf4 20. e5 Nd7 21. Qc2
Rac8 22. Rfe1 Bf8 23. Re4 Qh6 24. e6 fxe6 25. Qb3 Kf7 26. Rae1 Ke8 27. Rxe6 Rc7
28. Qa3 Nb8 29. Ne5 Rxd4 30. Bxc6+ Nxc6 31. Nxc6 Rdd7 32. Ne5 Rd4 33. Nc6 Rdd7
34. Ne5 Rd4 35. Rc6 Qd2 36. Nf3 Qxe1+ 37. Nxe1 Rxc6 38. Nf3 Rd5 39. Qxa7 Rcd6
40. Qa4+ b5 41. Qe4 Bg7 42. b3 h5 43. a4 hxg4 44. hxg4 bxa4 45. Qxa4+ Kf8 46.
Qf4+ Bf6 47. Kg2 1/2-1/2